| 000 | 00747nam a2200265Ia 4500 | ||
|---|---|---|---|
| 001 | 7126 | ||
| 005 | 20240113233958.0 | ||
| 007 | ta | ||
| 008 | 050702s1964 a g b000 u hin u | ||
| 040 | _aCotton College Assam | ||
| 041 | _ahin | ||
| 082 |
_a891.4309 _bD 965 K |
||
| 100 | _aDube, Sakuntala . | ||
| 245 | 0 |
_aKavya Rupon ke Mulshret Aur Unka Vikash / _cSakuntala Dube. _hTextual Documents |
|
| 250 | _a1st ed. / | ||
| 260 |
_aBaranashi : _bHindi Prasarak Pustakalay , _c1964. |
||
| 300 |
_a589p. : _bill. ; _c22cm . |
||
| 653 | _aHindi literature-Criticism | ||
| 653 | _aMS-Hindi | ||
| 653 | _aHindi poetry-Development | ||
| 653 | _aHindi poetry-Criticism | ||
| 942 |
_2ddc _cBK |
||
| 999 |
_c7113 _d7113 |
||